Betriebliche Mitbestimmung und technologische Innovationen in Deutschland und Südkorea im Vergleich Personalökonomische Analysen und empirische Befunde
Salvato in:
| Autore principale: | |
|---|---|
| Altri autori: | |
| Natura: | Libro |
| Lingua: | tedesco |
| Pubblicazione: |
Köln
Universität zu Köln
2003
|
| Soggetti: | |
| Tags: |
Nessun Tag, puoi essere il primo ad aggiungerne!!
|
MARC
| LEADER | 00000nam$a2200000$$$4500 | ||
|---|---|---|---|
| 001 | 0028391 | ||
| 005 | 20250509104731.2 | ||
| 041 | 0 | |a ger | |
| 044 | |a DE | ||
| 245 | 1 | 0 | |a Betriebliche Mitbestimmung und technologische Innovationen in Deutschland und Südkorea im Vergleich |b Personalökonomische Analysen und empirische Befunde |c Sang-Min Lee ; Referent: U. Backes-Gellner |
| 264 | 1 | |a Köln |b Universität zu Köln |c 2003 | |
| 300 | |a 137 s. | ||
| 610 | 2 | 0 | |a podnik |
| 610 | 2 | 0 | |a politika personálna |
| 610 | 2 | 0 | |a technológia |
| 610 | 2 | 0 | |a inovácia |
| 610 | 2 | 0 | |a analýzy |
| 610 | 2 | 0 | |a spolurozhodovanie |
| 610 | 2 | 0 | |a porovnanie medzinárodné |
| 610 | 2 | 0 | |a Nemecko |
| 610 | 2 | 0 | |a Južná Kórea |
| 100 | 1 | |a Lee, Sang-Min | |
| 700 | 1 | |a Backes-Gellner, U. | |